[Event "Wohlen op 4th"]
[Site "Wohlen"]
[Date "2023.08.25"]
[Round "1"]
[White "Jud, Marc"]
[Black "Mirkovic, Ivan"]
[Result "1-0"]
[WhiteElo "1923"]
[BlackElo "1465"]
[PlyCount "45"]
[EventDate "2023.08.25"]
[EventType "swiss"]
[EventRounds "5"]
[EventCountry "SUI"]
[SourceTitle "CBM 216 Extra"]
[Source "ChessBase"]
[SourceDate "2023.11.30"]
[SourceVersion "1"]
[SourceVersionDate "2023.11.30"]
[SourceQuality "1"]

1. e4 c5 2. Nf3 Nc6 3. d4 cxd4 4. Nxd4 g6 5. Nxc6 bxc6 6. c4 Bg7 7. Nc3 e6 8. Be3 Ne7 9. Qd2 Qc7 10. Be2 Bb7 11. 0-0 0-0 12. Bh6 Rad8 13. Rac1 d5 14. Bxg7 Kxg7 15. cxd5 exd5 16. Qd4+ Kg8 17. exd5 c5 18. Ne4 Nxd5 19. Rxc5 Qe7 20. Rxd5 f5 21. Rxd8 Rxd8 22. Nf6+ Kf7 23. Bc4+ 1-0